UBT Library

New Webster's dictionary and Roget's thesaurus. (Record no. 44914)

000 -LEADER
fixed length control field 00672cam a2200241 a 4500
001 - CONTROL NUMBER
control field 3952159
005 - DATE AND TIME OF LATEST TRANSACTION
control field 20180313094931.0
008 - FIXED-LENGTH DATA ELEMENTS--GENERAL INFORMATION
fixed length control field 930826s1992 nyu d 000 0 eng
010 ## - LIBRARY OF CONGRESS CONTROL NUMBER
LC control number 93197350
020 ## - INTERNATIONAL STANDARD BOOK NUMBER
International Standard Book Number 093389564X
035 ## - SYSTEM CONTROL NUMBER
System control number (OCoLC)
040 ## - CATALOGING SOURCE
Original cataloging agency DLC
Transcribing agency DLC
Modifying agency DLC
041 ## - LANGUAGE CODE
Language code of text/sound track or separate title eng
080 ## - UNIVERSAL DECIMAL CLASSIFICATION NUMBER
Universal Decimal Classification number 423 WES
082 00 - DEWEY DECIMAL CLASSIFICATION NUMBER
Classification number 423 WES
Edition number 20
100 ## - Rafti
Rafti 23
101 ## - Shkurtesa
Shkurtesa FJA
245 00 - TITLE STATEMENT
Title New Webster's dictionary and Roget's thesaurus.
740 0# - ADDED ENTRY--UNCONTROLLED RELATED/ANALYTICAL TITLE
Uncontrolled related/analytical title Webster's dictionary and thesaurus.
906 ## - LOCAL DATA ELEMENT F, LDF (RLIN)
a 7
b cbc
c orignew
d 2
e ncip
f 19
g y-gencatlg
942 ## - ADDED ENTRY ELEMENTS (KOHA)
Source of classification or shelving scheme
Item type Books
Holdings
Withdrawn status Lost status Source of classification or shelving scheme Damaged status Not for loan Collection code Permanent location Current location Shelving location Date acquired Total Checkouts Full call number Barcode Date last seen Price effective from Koha item type
          Koleksioni i përgjithshem UBT - Lipjan UBT - Lipjan Koleksioni i përgjithshem 03/13/2018   423 WES 002-3002111 03/13/2018 03/13/2018 Books
UBT Library © 2015-2024. All rights reserved University Education for Business and Technology